Т. 5 : Геология докембрия : Секция С.05; 27-й Международный геологический конгресс, СССР, Москва, 4-14 авг. 1984 г.

Dettagli Bibliografici
Parent link:27-й Международный геологический конгресс, СССР, Москва, 4-14 авг. 1984 г.: доклады. Т. 5 : Геология докембрия : Секция С.05.— , 1984
Riassunto:Доклады на русском и английском языках
Lingua:russo
inglese
Pubblicazione: 1984
Soggetti:
Natura: MixedMaterials Libro
KOHA link:https://koha.lib.tpu.ru/cgi-bin/koha/opac-detail.pl?biblionumber=295456

MARC

LEADER 00000nam2a2200000 4500
001 295456
005 20231102000818.0
020 |a RU  |b 84-59487 
035 |a (RuTPU)RU\TPU\book\320534 
035 |a RU\TPU\book\320529 
090 |a 295456 
100 |a 20150522d1984 k y0rusy5003 ca 
101 0 |a rus  |a eng 
102 |a RU 
105 |a a z 101zy 
200 0 |a Т. 5 : Геология докембрия : Секция С.05 
210 |d 1984 
215 |a 160 с.  |c ил. 
300 |a Доклады на русском и английском языках 
320 |a Библиография в конце статей 
461 1 |0 (RuTPU)RU\TPU\book\145701  |t 27-й Международный геологический конгресс, СССР, Москва, 4-14 авг. 1984 г.  |o доклады  |v Т. 5 : Геология докембрия : Секция С.05  |d 1984 
606 1 |a Геология  |2 stltpush  |3 (RuTPU)RU\TPU\subj\6095  |9 34054 
610 1 |a докембрий 
610 1 |a докембрийские отложения 
610 1 |a стратиграфия 
610 1 |a тектоника 
610 1 |a металлогения 
610 1 |a геохронология 
610 1 |a складчатые пояса 
610 1 |a архейские отложения 
610 1 |a протерозой 
610 1 |a изотопные данные 
610 1 |a рудоносные структуры 
610 1 |a конгрессы 
610 1 |a Москва 
675 |a 55(063)  |z rus  |v 4 
801 0 |a RU  |b RuMRKP  |c 19950704  |g psbo 
801 1 |a RU  |b 63413507  |c 20080329  |g PSBO 
801 2 |a RU  |b 63413507  |c 20190321  |g PSBO 
942 |c BK